1926 1879 1196 1420 1322 1786 1900 1040 1688 1875 1117 1274 1629 1787 1992 1455 1716 1960 1654 1996 1959 1224 1528 1767 1695 1936 1157 1933 1419 1648 1362 1327 1437 1991 1667 1065 1768 1483 1556 1511 1891 1062 1657 1834 1714 1486 1585 1154 1100 1111 1132 1391 1468 1195 1123 1274 1152 1061 1331 1885 1377 1121 1185 1984 1422 1051 1272 1453 1317 1764 1354 1454 1374 1316 1411 1751 1573 1750 1149 1043 1828 1125 1538 1841 1227 1295 1643 1088 1265 1722 1607 1464 1345 1939 1947 1065 1076 1875 1769 BCNSPRNW ULIB Ver.6.0+V

เปลี่ยนเป็นภาษาไทย

Change to English
 แสดงรายละเอียดบรรณานุกรม
  กลับหน้าหลัก

Brief Record : Get Marc (ISO 2709) : E-mail record : QR code < ปิดหน้าต่าง
LEADER : 00000nam 2200000uu 4500
001    13399114995
003     ULIB
008    120627s2548||||th 000 0 tha d
020    ^a9789742464837
060 04 ^aW13^bว579พ 2548
100 0  ^aวิทย์ เที่ยงบูรณธรรม
245 10 ^aพจนานุกรมวิทยาศาสตร์การแพทย์ =^bMedical sciences
246 31 ^aMedical sciences dictionary
250    ^aพิมพ์ครั้งที่ 37
260    ^aกรุงเทพฯ :^bรวมสาส์น,^c2548
300    ^a1215 หน้า :^bภาพประกอบ ;^c20 ซม.
500    ^aSend to Single Search
591    ^aLIRA มีปี 2523, (พิมพ์ครั้งที่ 1)
591    ^aLISC มีปี 2548 (พิมพ์ครั้งที่ 38)
650  4 ^aแพทยศาสตร์^vพจนานุกรม
945    ^p0^l0^i24480
995    ^aัณชพร
999 ^a ใช้งานได้ทุกระบบ
รายการนี้ยังไม่มีแท็ก
คุณยังไม่ได้ล็อกอิน คุณสามารถมีกิจกรรมร่วมกับเว็บไซต์ได้ แต่ต้องล็อกอินก่อน ::
  ล็อกอิน

รายการสื่อสารสนเทศ

ลำดับที่ ประเภท เลขเรียก/บาร์โค้ด สถานที่ สถานะ
- ไม่พบข้อมูล -

รายการใกล้เคียง
    ผู้แต่ง [วิทย์ เที่ยงบูรณธรรม]

BibComment


ยังไม่เคยถูกคอมเมนท์

คอมเมนท์ทรัพยากรรายการนี้
  คอมเมนท์: พจนานุกรมวิทยาศา..


 Copyright 2026. Bcnsprnw @Library